Дело об определении и увольнении актрисы французской труппы Амели Кин

Доступно только в Электронных читальных залах Найти на картеНа карте
RUSMARC
00003704nmc2a22000003x 450
001483bee0c-a659-4030-97ab-396e4de6b799
00520181224210543.0
100##$a20170626l18461846k l0rusy0189 ca
1010#$arus
102##$aRU
2001#$aДело об определении и увольнении актрисы французской труппы Амели Кин
$j13-22 мая 1846 г.
251##$cДело
300##$aПо Санкт-Петербургской дирекции за 1846 год
300##$aДело
801#0$aRU
$bРГИА
$c20170626
$gRCR
801#1$aRU
$bГлавНИВЦ
$c20170626
$2rusmarc
801#2$aRU
$bПБ им. Б.Н. Ельцина
$c20181224
$gRCR
$2rusmarc
850##$aРГИА
852##$aРГИА
$eФедеральное казенное учреждение "Российский государственный исторический архив" (РГИА)
$j10705
937##$hРГИА
$d12245962
$aASBIBLIO_SCAN
462#0$1001dd3991dc-24e1-42ec-8838-ca4255420416
$12001
$a1746-1850 гг.
$1251
$cОпись
$1852
$j1
461#0$10019264ebf8-de62-4f1a-9eb4-9f22098dbbd5
$12001
$aДирекция императорских театров МИДв
$1251
$cФонд
$1852
$j497
215##$a12 л.
$d36,5х26 см
371##$aДокумент не является опубликованным и широко распространяемым
105##$ay###
1222#$ad
035##$a483bee0c-a659-4030-97ab-396e4de6b799
856##$uhttp://readingroom.main.prlib.ru/item.aspx?id_node=n122279394&mode=full
Формат отображения